| 000 | 00680nam a2200217Ii 4500 | ||
|---|---|---|---|
| 003 | JO-AjNU | ||
| 008 | 230605s9999||||xx |||||||||||||| ||und|| | ||
| 020 | _a9953-4-0026-1 | ||
| 040 |
_aJO-AjNU _bara _erda _cJO-AjNU |
||
| 041 | _aara | ||
| 050 | 1 | 4 | _aBP173.754.M3748 2009 |
| 100 | 3 |
_aمرطان، سعيد سعد, _eauthor _930608 |
|
| 245 | 0 | 0 | _aمدخل للفكر الإقتصادي في الإسلام |
| 250 | _aط1 | ||
| 264 | 3 | 1 | _aمؤسسة الرسالة ناشرون، 2009 |
| 300 | _a272ص | ||
| 336 |
_atext _btxt _2rdacontent |
||
| 337 |
_aunmediated _bn _2rdamedia |
||
| 338 |
_avolume _bnc _2rdacarrier |
||
| 650 | 4 |
_aالاقتصاد الاسلامي _930609 |
|
| 999 |
_aA12153 _c15721 _d15721 |
||